000 01115aam a2200361 4500
005 20260227194717.0
008 150721b2006 xxu||||| |||| 00| 0 spa d
041 _aESP
082 _a001.42 B517m2
100 _aBernal Torres, César Augusto
245 _aMetodología de la investigación: para administración, economía, humanidades y ciencias sociales
250 _a2 edición
260 _aMéxico
260 _bPearson Educación
260 _c2006
300 _a304 páginas
_bIlustraciones y fotografías a blanco y negro
490 _aTemática General
505 _aContiene disco compacto N° 412
650 _aMÉTODOS DE INVESTIGACIÓN
650 _aINVESTIGACIÓN
650 _aERA DE CONOCIMIENTO
650 _aINVESTIGACIÓN CIENTÍFICA
650 _aEPISTEMOLOGÍA
650 _aTEMAS DE INVESTIGACIÓN
650 _aDISEÑO DE LA INVESTIGACIÓN
650 _aHIPÓTESIS DE INVESTIGACIÓN
650 _aMARCO TEÓRICO
650 _aPOBLACIÓN
650 _aMUESTRAS
650 _aFUENTES DE INFORMACIÓN
650 _aRECOLECCION DE INFORMACIÓN
942 _cBK
_2ddc
999 _c206
_d206